San Pablo nos habla hoy: 50 textos para vivir y orar
Gespeichert in:
| 1. Verfasser: | |
|---|---|
| Format: | Buch |
| Sprache: | Spanisch |
| Veröffentlicht: |
Madrid
PPC Editorial
2008
|
| Ausgabe: | 1a. ed |
| Schriftenreihe: | Sauce, 159
|
| Schlagworte: | |
| Tags: |
Tag hinzufügen
Keine Tags, Fügen Sie den ersten Tag hinzu!
|
MARC
| LEADER | 00000cam a2200000 a 4500 | ||
|---|---|---|---|
| 001 | UCD2029 | ||
| 003 | CL-VaPUC | ||
| 008 | 160407e20080000sp |||||||||||||||||spa|d | ||
| 020 | |a 9788428820783 | ||
| 082 | 0 | 4 | |a 226.6 |b BER |2 21 |
| 100 | 0 | |a Berzosa Martínez, Raúl |e author |9 585271 | |
| 245 | 1 | 0 | |a San Pablo nos habla hoy: 50 textos para vivir y orar |
| 250 | |a 1a. ed | ||
| 300 | |a 159 p | ||
| 942 | |c BK | ||
| 945 | |d 20160407 22:06:00 |a arojas | ||
| 260 | |a Madrid |b PPC Editorial |c 2008 | ||
| 600 | 0 | |a Pablo de Tarso, Santo |9 321163 | |
| 650 | 0 | |a Apóstoles |9 444286 | |
| 650 | 0 | |a Hechos de los apóstoles |9 483141 | |
| 650 | 0 | |a Oración |9 313348 | |
| 583 | |a last modification |c 20160407 22:06:00 |k Rodrigo Vera | ||
| 490 | 0 | |a Sauce, 159 | |
| 999 | |c 363235 |d 363233 | ||
| 952 | |0 0 |1 0 |3 erd |4 0 |6 226_600000000000000_BER_2008 |7 0 |8 A |9 475121 |a BIBTEO |b BIBTEO |i 5280281 |o 226.6 BER 2008 |p 5280281 |r 2025-01-17 |w 2019-11-24 |y BK |z Catalogado en:20160407 |k ICR | ||